Central Library OPAC University of Rajshahi
Normal view MARC view

Entry Personal Name

Number of records used in: 4

001 - CONTROL NUMBER

  • control field: 6567

003 - CONTROL NUMBER IDENTIFIER

  • control field: BD-RjUL

005 - DATE AND TIME OF LATEST TRANSACTION

  • control field: 20230114183834.0

008 - FIXED-LENGTH DATA ELEMENTS

  • fixed length control field: 230114|| aca||aabn | a|a d

040 ## - CATALOGING SOURCE

  • Original cataloging agency: BD-RjUL
  • Transcribing agency: BD-RjUL

100 ## - HEADING--PERSONAL NAME

  • Personal name: Musa, Muhammad Yusuf موسى، محمد يوسف

670 ## - SOURCE DATA FOUND

  • Source citation: Work cat.: (BD-RjUL)81071: Musa, Muhammad Yusuf موسى، محمد يوسف, بين الدين والفلسفة : في رأي ابن رشد وفلاسفة العصر الوسيط / Bayna al-dīn wa-al-falsafah : fī raʼy Ibn Rushd wa-falāsifatal-ʻAṣr al-Wasīṭ /, [١٩٥٩]